[Event "Warsaw Szansa blitz op"]
[Site "Warsaw"]
[Date "2023.09.16"]
[Round "7"]
[White "Bartel, Michal"]
[Black "Psyk, Radoslaw"]
[Result "1-0"]
[WhiteElo "2252"]
[BlackElo "2460"]
[PlyCount "119"]
[EventDate "2023.09.16"]
[EventType "swiss (blitz)"]
[EventRounds "13"]
[EventCountry "POL"]
[SourceTitle "EXT 2024"]
[Source "ChessBase"]
[SourceDate "2023.10.10"]
[SourceVersion "1"]
[SourceVersionDate "2023.10.10"]
[SourceQuality "1"]

1. e4 Nf6 2. Nc3 d5 3. exd5 Nxd5 4. g3 Nxc3 5. bxc3 c5 6. Bg2 g6 7. Ne2 Bg7 8. 0-0 0-0 9. Rb1 Nc6 10. d3 Qd7 11. Be3 b6 12. d4 Ba6 13. Re1 Rad8 14. Qc1 Bxe2 15. Rxe2 cxd4 16. cxd4 Nxd4 17. Rd2 Qg4 18. Bxd4 Rxd4 19. Qd1 Qxd1+ 20. Rbxd1 Ra4 21. Bd5 Bf6 22. Bb3 Ra5 23. Rd7 Ra8 24. Rb7 Rc5 25. Rdd7 a5 26. Rxb6 a4 27. Bd5 Rf8 28. Be4 a3 29. Ra6 Rc3 30. Rda7 Rd8 31. Rxa3 Rd1+ 32. Kg2 Rc4 33. Bd3 Rc5 34. R3a5 Rc6 35. Rd5 Kg7 36. a4 e6 37. Rdd7 Kg8 38. Rxf7 Bd4 39. Rab7 Rc8 40. Rxh7 Rd2 41. Rhf7 Rf8 42. Bxg6 Rxf2+ 43. Rxf2 Rxf2+ 44. Kh3 e5 45. a5 Rf1 46. a6 Ra1 47. Bd3 e4 48. Bxe4 Rxa6 49. Kg4 Bf2 50. Kf3 Bg1 51. h4 Rf6+ 52. Kg2 Bd4 53. g4 Rf2+ 54. Kg3 Re2 55. Bf5 Kf8 56. g5 Bf2+ 57. Kf3 Rd2 58. h5 Bh4 59. g6 Bg5 60. g7+ 1-0

[Event "Warsaw Szansa blitz op"]
[Site "Warsaw"]
[Date "2023.09.16"]
[Round "13"]
[White "Kiolbasa, Oliwia"]
[Black "Psyk, Radoslaw"]
[Result "0-1"]
[WhiteElo "2387"]
[BlackElo "2460"]
[PlyCount "42"]
[EventDate "2023.09.16"]
[EventType "swiss (blitz)"]
[EventRounds "13"]
[EventCountry "POL"]
[SourceTitle "EXT 2024"]
[Source "ChessBase"]
[SourceDate "2023.10.10"]
[SourceVersion "1"]
[SourceVersionDate "2023.10.10"]
[SourceQuality "1"]

1. e4 e6 2. d4 d5 3. e5 c5 4. c3 Nc6 5. Nf3 Qb6 6. Bd3 cxd4 7. 0-0 Bd7 8. Re1 Nge7 9. h4 h6 10. a3 Rc8 11. b4 a6 12. c4 dxc4 13. Nbd2 Nxe5 14. Nxe5 cxd3 15. Ndc4 Qc7 16. Bf4 Nd5 17. Bg3 Bb5 18. Nb2 Nc3 19. Qf3 d2 20. Red1 Be2 21. Qh5 Bxh5 0-1

[Event "Piestany op-A"]
[Site "Piestany"]
[Date "2023.07.17"]
[Round "7"]
[White "Babula, Vlastimil1111"]
[Black "Psyk, Radoslaw"]
[Result "0-1"]
[WhiteElo "2302"]
[BlackElo "2442"]
[PlyCount "68"]
[EventDate "2023.07.11"]
[EventType "swiss"]
[EventRounds "9"]
[EventCountry "SVK"]
[SourceTitle "EXT 2024"]
[Source "ChessBase"]
[SourceDate "2023.10.10"]
[SourceVersion "1"]
[SourceVersionDate "2023.10.10"]
[SourceQuality "1"]

1. e4 e6 2. d4 d5 3. e5 c5 4. c3 Nc6 5. Nf3 Qb6 6. Bd3 cxd4 7. 0-0 Bd7 8. Re1 Nge7 9. h4 h6 10. a3 Rc8 11. b4 a6 12. Bb2 g5 13. Nh2 gxh4 14. Ng4 Ng8 15. cxd4 h5 16. Nf6+ Nxf6 17. exf6 Kd8 18. Be2 Rh6 19. Bxh5 Rxf6 20. Nc3 Ne7 21. Na4 Bxa4 22. Qxa4 Bh6 23. Qb3 Qc7 24. Re2 Ng6 25. Bxg6 Rxg6 26. Qh3 Qf4 27. Rd1 Kd7 28. Rd3 Rc1+ 29. Bxc1 Qxc1+ 30. Kh2 Bf4+ 31. g3 hxg3+ 32. fxg3 Bg5 33. Rf3 Rh6 34. Rxf7+ Be7 0-1